| 000 | 01095nam a22003737a 4500 | ||
|---|---|---|---|
| 001 | 0008447 | ||
| 003 | KOHA_MİRAKIL | ||
| 005 | 20260207001634.0 | ||
| 007 | ta | ||
| 008 | 091009b1999 tu |||gr||||#||||0|tur | | ||
| 020 |
_a9751611415 _cTL1 |
||
| 040 |
_aTR-BiSEU _btur _cTR-BiSEU _erda |
||
| 041 | 0 | _atur | |
| 044 | _ctu | ||
| 050 |
_aNA1371.M36 _bA38 1999 |
||
| 100 | 1 | _aAcun, Hakkı. | |
| 245 | 1 |
_aManisa'da Türk devri yapıları/ _cHakkı Acun ; Hakkı Acun. |
|
| 264 | 1 |
_aAnkara : _bTürk Tarih Kurumu _c1999 |
|
| 300 | _aIX, 672 sayfa: resimli; 28 cm. | ||
| 336 |
_ametin _btxt _2rdacontent |
||
| 337 |
_aaracısız _bn _2rdamedia |
||
| 338 |
_acilt _bnc _2rdacarrier |
||
| 490 | 1 | _aTürk Tarih Kurumu Yayınları VI. | |
| 490 | 1 |
_adizi ; _vsa. |
|
| 490 | 1 | _a56. | |
| 500 | _aKaynakça var. | ||
| 500 | _aİngilizce özet var | ||
| 650 | 0 |
_aArchitecture--Turkey--Manisa. _921039 |
|
| 650 | 0 |
_aManisa (Turkey)--Antiquities. _921040 |
|
| 830 | 1 |
_aTürk Tarih Kurumu Yayınları VI. _921041 |
|
| 830 | 1 |
_adizi ; _vsa. _910357 |
|
| 830 | 1 |
_a56. _97010 |
|
| 942 |
_2lcc _cBK |
||
| 999 |
_c8419 _d8419 |
||